Taliban : (Record no. 17125)
[ view plain ]
| 000 -LEADER | |
|---|---|
| fixed length control field | 00970cam a2200277 i 4500 |
| 001 - CONTROL NUMBER | |
| control field | 015556625 |
| 003 - CONTROL NUMBER IDENTIFIER | |
| control field | EG-ScBUE |
| 005 - DATE AND TIME OF LATEST TRANSACTION | |
| control field | 20240529103730.0 |
| 008 - FIXED-LENGTH DATA ELEMENTS--GENERAL INFORMATION | |
| fixed length control field | 100517s2010 enkabf f b 001 0 eng d |
| 020 ## - INTERNATIONAL STANDARD BOOK NUMBER | |
| International Standard Book Number | 9780593066355 (pbk.) : |
| 040 ## - CATALOGING SOURCE | |
| Original cataloging agency | EG-ScBUE |
| Language of cataloging | eng |
| Description conventions | rda |
| Transcribing agency | EG-ScBUE |
| Modifying agency | EG-ScBUE |
| 082 04 - DEWEY DECIMAL CLASSIFICATION NUMBER | |
| Classification number | 958.1046 |
| Edition number | 22 |
| Item number | FER |
| 100 1# - MAIN ENTRY--PERSONAL NAME | |
| Personal name | Fergusson, James, |
| Dates associated with a name | 1966- |
| Relator term | author. |
| 9 (RLIN) | 31561 |
| 245 10 - TITLE STATEMENT | |
| Title | Taliban : |
| Remainder of title | the true story of the world's most feared Guerrilla fighters / |
| Statement of responsibility, etc | James Fergusson. |
| 264 #1 - PUBLICATION, DISTRIBUTION, ETC. (IMPRINT) | |
| Place of publication, distribution, etc | London : |
| Name of publisher, distributor, etc | Bantam Press, |
| Date of publication, distribution, etc | 2010. |
| 300 ## - PHYSICAL DESCRIPTION | |
| Extent | 310 pages, [16] pages of plates : |
| Other physical details | color illustrations, maps ; |
| Dimensions | 24 cm |
| 336 ## - CONTENT TYPE | |
| Source | rdacontent |
| Content type term | text |
| Content type code | txt |
| 337 ## - MEDIA TYPE | |
| Media type term | unmediated |
| Source | rdamedia |
| Media type code | n |
| 338 ## - CARRIER TYPE | |
| Carrier type term | volume |
| Carrier type code | nc |
| Source | rdacarrier |
| 504 ## - BIBLIOGRAPHY, ETC. NOTE | |
| Bibliography, etc | Includes bibliographical references and index. |
| 610 27 - SUBJECT ADDED ENTRY--CORPORATE NAME | |
| Corporate name or jurisdiction name as entry element | Taliban. |
| Source of heading or term | BUEsh |
| 9 (RLIN) | 31562 |
| 651 #7 - SUBJECT ADDED ENTRY--GEOGRAPHIC NAME | |
| Geographic name | Afghanistan |
| General subdivision | History |
| Chronological subdivision | 1989-2001. |
| Source of heading or term | BUEsh |
| 9 (RLIN) | 31563 |
| 653 ## - INDEX TERM--UNCONTROLLED | |
| Arrived date list | November2012 |
| 655 ## - INDEX TERM--GENRE/FORM | |
| Form subdivision | Reading book |
| 942 ## - ADDED ENTRY ELEMENTS (KOHA) | |
| Source of classification or shelving scheme | Dewey Decimal Classification |
| Koha item type | Book - Borrowing |
| Withdrawn status | Lost status | Source of classification or shelving scheme | Damaged status | Not for loan | Collection code | Home library | Current library | Shelving location | Date acquired | Source of acquisition | Cost, normal purchase price | Serial Enumeration / chronology | Total Checkouts | Total Renewals | Full call number | Barcode | Date last seen | Date checked out | Price effective from | Koha item type |
|---|---|---|---|---|---|---|---|---|---|---|---|---|---|---|---|---|---|---|---|---|
| Dewey Decimal Classification | Al Kotob Khan | Central Library | Central Library | Second Floor | 28/11/2012 | Purchase | 120.00 | 1 | 3 | 2 | 958.1046 FER | 000027857 | 15/07/2025 | 08/04/2014 | 28/11/2012 | Book - Borrowing |